Africa must unite. (Record no. 171418)
[ view plain ]
| 000 -LEADER | |
|---|---|
| fixed length control field | 00497cam2a220018100 4500 |
| 001 - CONTROL NUMBER | |
| control field | zam00002916 |
| 008 - FIXED-LENGTH DATA ELEMENTS--GENERAL INFORMATION | |
| fixed length control field | 951128s1963 xx eng u |
| 035 ## - SYSTEM CONTROL NUMBER | |
| System control number | (Sirsi) r20253 |
| 035 ## - SYSTEM CONTROL NUMBER | |
| System control number | (MACHINE)SLC. |
| 050 ## - LIBRARY OF CONGRESS CALL NUMBER | |
| Classification number | DT 30 NKR 1963 |
| 100 ## - MAIN ENTRY--PERSONAL NAME | |
| Personal name | Nkrumah, K. |
| Linkage | A80768.1 |
| 245 ## - TITLE STATEMENT | |
| Title | Africa must unite. |
| 591 ## - | |
| -- | Class code: H 230. |
| 591 ## - | |
| -- | Course: History of modern Africa. |
| 591 ## - | |
| -- | School: S05. |
| 591 ## - | |
| -- | Lecturer: Dr. MULENGA, M.N. |
| 591 ## - | |
| -- | Number of Students: 24. |
No items available.